Best Men's Tennis Player from Every Country - Statistics

General Stats
  • This quiz has been taken 22 times
  • The average score is 13 of 38
Answer Stats
Answer Country Ranking % Correct
Carlos Alcaraz Spain #2
95%
Jannik Sinner Italy #1
95%
Alexander Zverev Germany #3
84%
Alex de Minaur Australia #8
63%
Daniil Medvedev Russia #10
63%
Alexander Bublik Kazakhstan #11
58%
Felix Auger-Aliassime Canada #5
58%
Ben Shelton United States #6
53%
Casper Ruud Norway #15
53%
Holger Rune Denmark #39
53%
Stefanos Tsitsipas Greece #80
47%
Arthur Fils France #25
42%
Cameron Norrie United Kingdom #23
42%
Marin Cilic Croatia #51
42%
Hubert Hurkacz Poland #63
37%
Joao Fonseca Brazil #31
37%
Stan Wawrinka Switzerland #106
37%
Valantin Vacherot Monaco #17
37%
Jiri Lehecka Czechia #14
32%
Tallon Griekspoor Netherlands #33
32%
Alejandro Tabilo Chile #43
26%
Damir Dzumhur Bosnia and Herzegovina #84
26%
Francisco Cerundolo Argentina #20
26%
Fabian Marozsan Hungary #50
21%
Ignacio Buse Peru #58
21%
Zizou Bergs Belgium #44
21%
Nikoloz Basilashvili Georgia #120
16%
Nuno Borges Portugal #49
16%
Adolfo Daniel Vallejo Paraguay #96
11%
Alex Molcan Slovakia #107
11%
Otto Virtanen Finland #121
11%
Sebastian Ofner Austria #83
11%
Vilius Gaubas Lithuania #124
11%
Wu Yibing China #100
11%
Hugo Dellien Bolivia #132
5%
Moez Echargui Tunisia #144
5%
Sho Shimabukuro Japan #108
5%
Novac Djocovic Serbia #4
0%
No matching quizzes found
Score Distribution
Percent of People with Each Score
Percentile by Number Answered
Your Score History
You have not taken this quiz